00835nam a2200265Ia 4500001000900000003000500009005001700014008004100031010001100072020001800083040000900101082002100110100002000131245013100151250001100282260005600293300001700349500004700366503000700413504002800420650002000448650002800468700003600496700003700532dia_6111CHAP20251027152701.0220117s1996 xx 000 0 und d a177309 a968-880-542-4 cCHAP a620.106 M66 1996 aMott, Robert L. aMecánica de fluidos aplicada /c Robert L. Mott. ; traducción Carlos Roberto Cordero Pedraza y A. Homero Flores Samaniego a4a ed. aMéxico :b Prentice-Hall Hispanoamericana,c1996 axvii, 580 p. aTítulo original: Applied Fluid Mechanics aD. aIncluye bibliografías aFluid mechanics aMecánica de fluidos  aCordero Pedraza, Carlos Roberto aFlores Samaniego, A. Homero, tr.